000 00485cam a22001217a 4500
008 180718b1967 xxu||||| |||| 00| 0 eng d
082 _aA81x54 In2/61/Vol 2/Pt 6-5
100 _aCensus of India 1961
245 _aAndhra Pradesh: village survey monographs, a monograph on Godabavalasa (Parivalhipuram taluk, Srikakulam district)
260 _aDelhi
_bThe Manager of Publications
_c1967
300 _av.p.
440 _aCensus of India 1961. Volume II, Andhra Pradesh. Part VI. Serial No. 5
999 _c483940
_d483940